| 000 | 00873cam a22003018a 4500 | ||
|---|---|---|---|
| 999 |
_c4063 _d4063 |
||
| 001 | 271187 | ||
| 003 | OSt | ||
| 005 | 20181128160257.0 | ||
| 008 | 880211s1987 njuc 00010 eng | ||
| 010 | _a 87026544 | ||
| 020 | _a0800791142 | ||
| 035 | _a(CStRLIN)NJPT88-B751 | ||
| 035 | _a(OCoLC)ocm16802180 | ||
| 040 |
_dNjPT _cDLC |
||
| 043 | _an-us-ca | ||
| 050 | 0 |
_aBX9999.C653 _bS65 1987 |
|
| 082 | 0 |
_a289.9 _219 _bB872H |
|
| 090 |
_aBX9999.C653 _bS65 1987 |
||
| 100 | 1 | 0 |
_aSmith, Chuck, _d1927 June 25- |
| 245 | 1 | 0 |
_aHarvest / _cChuck Smith and Tal Brooke. |
| 260 | 0 |
_aOld Tappan, NJ : _bF.H. Revell Co., _cc1987. |
|
| 300 |
_a191 p. : _bports. ; _c24 cm. |
||
| 500 | _a"Chosen books." | ||
| 610 | 2 | 0 |
_aCalvary Chapel (Costa Mesa, Calif.) _xHistory. |
| 651 | 0 |
_aCosta Mesa (Calif.) _xChurch history. |
|
| 700 | 1 | 0 | _aBrooke, Tal. |
| 942 |
_2ddc _cBK |
||